Széles, tágas a tér. [Cs. Gyímesi Éva: Colloquium Transsylvanicum. Mentor Kiadó. Marosvásárhely. 1998]
Elmentve itt :
| Szerző: | |
|---|---|
| Adatforrás: | Meister |
| Forrásdokumentuma: | A Hét. - 11 sz., 1999, 6 p. |
| Nyelv: | magyar |
| Kulcsszavak: | politikai analízis-recenzió politikai publicisztika-recenzió nemzeti identitás magyarok (romániai) magyar társadalom (romániai) kisebbségi sors magyar sajtó (romániai) GYÍMESI CS. Éva VIDA Gábor |
| LEADER | 00732nab a2200217 i 4500 | ||
|---|---|---|---|
| 001 | bibPRO00007017 | ||
| 008 | 060524s1999 xx hun | ||
| 040 | |a Sz1 | ||
| 041 | |a hun | ||
| 100 | 1 | |a PAPP Sándor Zsigmond | |
| 245 | 1 | 0 | |a Széles, tágas a tér. [Cs. Gyímesi Éva: Colloquium Transsylvanicum. Mentor Kiadó. Marosvásárhely. 1998] |c PAPP Sándor Zsigmond |
| 695 | |a politikai analízis-recenzió | ||
| 695 | |a politikai publicisztika-recenzió | ||
| 695 | |a nemzeti identitás | ||
| 695 | |a magyarok (romániai) | ||
| 695 | |a magyar társadalom (romániai) | ||
| 695 | |a kisebbségi sors | ||
| 695 | |a magyar sajtó (romániai) | ||
| 695 | |a GYÍMESI CS. Éva | ||
| 695 | |a VIDA Gábor | ||
| 773 | 0 | |t A Hét. - |g 11 sz., 1999, 6 p. | |